000 01053nam a2200313 i 4500
001 015903413
003 EG-ScBUE
005 20250126094602.0
008 110927t2013 mau f 000 0 eng d
020 _a0321753089 (pbk.) :
020 _a9780321753083 (pbk.) :
040 _aEG-ScBUE
_beng
_erda
_cEG-ScBUE
_dEG-ScBUE
082 0 4 _a530
_223
_bKNI
100 1 _aKnight, Randall Dewey,
_eauthor.
_931055
245 1 0 _aPhysics for scientists and engineers :
_ba strategic approach with modern physics /
_cRandall D. Knight, California Polytechnic State University.
250 _aThird edition.
264 1 _aBoston, Mass. :
_bAddison-Wesley,
_c[2013]
264 4 _cc2013
300 _a1 volume (various pagings) ;
_c28 cm
336 _2rdacontent
_atext
_btxt
337 _aunmediated
_2rdamedia
_bn
338 _avolume
_bnc
_2rdacarrier
500 _aStudent workbook.
650 7 _aPhysics.
_2BUEsh
_931058
650 7 _aPhysics
_vProblems, exercises, etc.
_2BUEsh
_931057
653 _cNovember2012
655 _vReading book
942 _2ddc
_cBB
999 _c17055
_d17027